The Cambridge handbook of earth science data / (E-Book) (Record no. 213184)

000 -LEADER
fixed length control field 01443 a2200301 4500
003 - CONTROL NUMBER IDENTIFIER
control field Nust
005 - DATE AND TIME OF LATEST TRANSACTION
control field 20170207165829.0
010 ## - LIBRARY OF CONGRESS CONTROL NUMBER
LC control number 2009008252
020 ## - INTERNATIONAL STANDARD BOOK NUMBER
International Standard Book Number 0521693179 (pbk.)
020 ## - INTERNATIONAL STANDARD BOOK NUMBER
International Standard Book Number 9780521693172 (pbk.)
035 ## - SYSTEM CONTROL NUMBER
System control number (OCoLC)ocn311075430
040 ## - CATALOGING SOURCE
Transcribing agency Nust
082 04 - DEWEY DECIMAL CLASSIFICATION NUMBER
Classification number 550.21
100 1# - MAIN ENTRY--PERSONAL NAME
Personal name Henderson, Paul,
245 14 - TITLE STATEMENT
Title The Cambridge handbook of earth science data / (E-Book)
Statement of responsibility, etc. Paul Henderson, Gideon M. Henderson.
260 ## - PUBLICATION, DISTRIBUTION, ETC.
Place of publication, distribution, etc. Cambridge, UK ;
-- New York :
Name of publisher, distributor, etc. Cambridge University Press,
Date of publication, distribution, etc. 2009.
300 ## - PHYSICAL DESCRIPTION
Extent viii, 277 p. ;
Dimensions 22 cm.
500 ## - GENERAL NOTE
General note Includes index.
505 0# - FORMATTED CONTENTS NOTE
Formatted contents note The Solar System (Page-12) Solid Earth (Page-333 )Geophysics (Page-64) 4 Aqueous Earth (Page-875) Gaseous Earth (Page-112)6 Biological Earth: element cycles (Page-1237) Earth history (Page-135)8 Chemistry and isotopes (Page-179)9 Crystallography and mineralogy (Page-220)10 Resources(Page- 239)11 Hazards (Page-252)
650 #0 - SUBJECT ADDED ENTRY--TOPICAL TERM
Topical term or geographic name entry element Earth sciences
650 #0 - SUBJECT ADDED ENTRY--TOPICAL TERM
Topical term or geographic name entry element Jorden
651 ## - SUBJECT ADDED ENTRY--GEOGRAPHIC NAME
Geographic name The Cambridge handbook of earth science data E-Book
700 1# - ADDED ENTRY--PERSONAL NAME
Personal name Henderson, Gideon,
Dates associated with a name 1968-
740 0# - ADDED ENTRY--UNCONTROLLED RELATED/ANALYTICAL TITLE
Uncontrolled related/analytical title Earth science data
856 42 - ELECTRONIC LOCATION AND ACCESS
Materials specified Contributor biographical information
Uniform Resource Identifier <a href="http://www.loc.gov/catdir/enhancements/fy0906/2009008252-b.html">http://www.loc.gov/catdir/enhancements/fy0906/2009008252-b.html</a>
856 42 - ELECTRONIC LOCATION AND ACCESS
Materials specified Publisher description
Uniform Resource Identifier <a href="http://www.loc.gov/catdir/enhancements/fy0906/2009008252-d.html">http://www.loc.gov/catdir/enhancements/fy0906/2009008252-d.html</a>
856 42 - ELECTRONIC LOCATION AND ACCESS
Materials specified Table of contents only
Uniform Resource Identifier <a href="http://www.loc.gov/catdir/enhancements/fy0906/2009008252-t.html">http://www.loc.gov/catdir/enhancements/fy0906/2009008252-t.html</a>
942 ## - ADDED ENTRY ELEMENTS (KOHA)
Source of classification or shelving scheme
Koha item type Book
Holdings
Withdrawn status Lost status Source of classification or shelving scheme Damaged status Not for loan Collection code Permanent Location Current Location Date acquired Total Checkouts Full call number Barcode Date last seen Price effective from Koha item type
            Military College of Signals (MCS) Military College of Signals (MCS) 12/12/2016   550.21 HEN MCSEB-3243 12/08/2016 12/12/2016 Book
© 2023 Central Library, National University of Sciences and Technology. All Rights Reserved.